| 000 | 00656nam a2200169 a 4500 | ||
|---|---|---|---|
| 001 | BRCA_2117 | ||
| 005 | 20190320203656.0 | ||
| 008 | 120808s1991----mx-#---###---#000-0#spa-# | ||
| 050 | 4 |
_aF1391.P8 _b.L43 61 _c1991 |
|
| 100 | 1 |
_aRodríguez Salazar, Francisco Javier _96406 |
|
| 245 | 1 | 0 |
_aCrisis en el ciclo fabril del algodón, 1955-1976 _cFrancisco Javier Rodríguez Salazar. |
| 260 |
_aPuebla, México _bGobierno del Estado de Puebla : Secretaría de Cultura : Comisión Puebla V Centenario _c1991 |
||
| 300 |
_a19 p. _c21 cm. |
||
| 440 | 0 |
_aLecturas Históricas de Puebla _n61 _96407 |
|
| 651 | 4 |
_aPuebla (México) _xHistoria _y1955-1976 _96408 |
|
| 942 |
_2lcc _cB |
||
| 999 |
_c1874 _d1874 |
||